Catálogo

DERECHO BANCARIO (Registro nro. 30855)

Detalles MARC
000 -LEADER
fixed length control field 00790nam a2200193 a 4500
001 - CONTROL NUMBER
control field 30855
005 - DATE AND TIME OF LATEST TRANSACTION
control field 20180713234143.0
008 - FIXED-LENGTH DATA ELEMENTS--GENERAL INFORMATION
fixed length control field 140415s2003 000 0 spa d
020 ## - INTERNATIONAL STANDARD BOOK NUMBER
International Standard Book Number 9700737993
041 ## - LANGUAGE CODE
Language code of text/sound track or separate title spa
082 ## - DEWEY DECIMAL CLASSIFICATION NUMBER
Classification number 346
Item number ROD
100 1# - MAIN ENTRY--PERSONAL NAME
Personal name RODRIGUEZ, JOAQUIN
245 10 - TITLE STATEMENT
Title DERECHO BANCARIO
250 ## - EDITION STATEMENT
Edition statement 10ª EDICIÓN
260 ## - PUBLICATION, DISTRIBUTION, ETC.
Place of publication, distribution, etc. [s.l.] :
Name of publisher, distributor, etc. PORRUA,
Date of publication, distribution, etc. 2003
300 ## - PHYSICAL DESCRIPTION
Extent 332
Dimensions 16 x 4 x 24
500 ## - GENERAL NOTE
General note EL LIBRO CONTIENE INTRODUCION.
520 ## - SUMMARY, ETC.
Summary, etc. EL PRESENTE LIBRO TIENE COMO OBJETO ESTUDIAR LOS PROBLEMAS JURIDICOS RELATIVOS A LA MATERIA BANCARIA, LA ACTIVIDAD BANCARIA AFECTA HASTA LOS ULTIMOS RINCONES DE LA VIDA SOCIAL DESDE LA ECONOMIA DOMESTICA HASTA LA ECONOMIA DEL ESTADO, DESDE EL AHORRO FAMILIAR HASTA EL FINANCIAMIENTO DE LAS GRANDES EMPRESAS.
Existencias
Withdrawn status Lost status Source of classification or shelving scheme Damaged status Not for loan Collection code Home library Current library Shelving location Date acquired Source of acquisition Total Checkouts Full call number Barcode Date last seen Date last checked out Price effective from Koha item type
    Dewey Decimal Classification     General Tehuacán Tehuacán Sala general 03/12/2013 Compra   346 ROD 505417 09/09/2015 09/09/2015 03/12/2013 Libro